LEADER 00760nam0-22002651i-450 001 990006779590403321 005 20200401105306.0 100 $a20001010d1993----km-y0itay50------ba 101 0 $aita 102 $aIT 105 $ay-------001yy 200 1 $aCultura dello sviluppo e politica delle risorse umane 210 $aRoma$cSipi$d1993 215 $a202 p.$d24 cm 225 1 $aImpresa e formazione 300 $aIn testa al front.: Confindustria 610 0 $aFormazione professionale 676 $a304.2$v19$zita 801 0$aIT$bUNINA$gREICAT$2UNIMARC 901 $aBK 912 $a990006779590403321 952 $aIX A 797$b21322 $f FSPBC 959 $aFSPBC 996 $aCULTURA dello sviluppo e politica delle risorse umane$9634681 997 $aUNINA LEADER 03430oam 2200793I 450 001 9910787814103321 005 20230617012435.0 010 $a1-136-05032-9 010 $a1-138-46673-5 010 $a1-315-00063-6 010 $a1-136-05024-8 024 7 $a10.4324/9781315000633 035 $a(CKB)2670000000569284 035 $a(EBL)1798338 035 $a(SSID)ssj0001347567 035 $a(PQKBManifestationID)11761549 035 $a(PQKBTitleCode)TC0001347567 035 $a(PQKBWorkID)11351720 035 $a(PQKB)10540309 035 $a(MiAaPQ)EBC1798338 035 $a(Au-PeEL)EBL1798338 035 $a(CaPaEBR)ebr10944909 035 $a(CaONFJC)MIL647694 035 $a(OCoLC)892240157 035 $a(OCoLC)900479479 035 $a(OCoLC)893674653 035 $a(FINmELB)ELB134126 035 $a(EXLCZ)992670000000569284 100 $a20180331e20042004 uy 0 101 0 $aeng 135 $aur|n|---||||| 181 $ctxt 182 $cc 183 $acr 200 10$aGlobalisation and insecurity in the twenty-first century $eNATO and the management of risk /$fChristopher Coker 210 1$aOxon [England] :$cRoutledge,$d2004. 215 $a1 online resource (104 p.) 225 1 $aAdelphi Paper,$x0567-932X ;$vNumber 345 300 $aFirst published 2004 by Oxford University Press. 311 $a0-19-851671-1 311 $a1-322-16437-1 320 $aIncludes bibliographical references. 327 $aCover; Title Page; Copyright Page; Table of Contents; Glossary; Introduction; Chapter 1 What is Globalisation?; Global, Globalism, Globalisation; Chapter 2 War, Globalisation and Global Civil Society; Global Civil Society; Chapter 3 Globalisation and the New Security Agenda; Weapons of Mass Destruction (WMD); Terrorism; Environment; Inequality; Migration; Organised Crime; HIV-AIDS; Rethinking Security in a Globalised Age; Chapter 4 The Risk Community; Risks as Global; Policing Risks; Chapter 5 NATO and the Challenge of Globalisation; The Challenge of Transnationalism; NATO as a Risk Community 327 $aNATO, the Doctrine of International Community and the Dialectics of GlobalisationDialectics of Conflict; Conservative Nationalists; Green Radicals; Red Dissidents; Conclusion; Core Strategy; Environment Shaping; Hedging Strategy; Notes 330 $aDiscusses the impact of globalisation on security in the West and in particular the way it has changed the nature of NATO as well as its security agenda. 410 0$aAdelphi papers ;$vNumber 345. 517 3 $aGlobalization and insecurity in the 21st century 517 3 $aGlobalization and insecurity in the twenty-first century 517 3 $aNATO and the management of risk 606 $aSecurity, International 606 $aGlobalization 606 $aConflict management 606 $aPolitical alienation 606 $aAdelphi papers 615 0$aSecurity, International. 615 0$aGlobalization. 615 0$aConflict management. 615 0$aPolitical alienation. 615 0$aAdelphi papers. 676 $a355/.031091821 700 $aCoker$b Christopher.$0853991 712 02$aInternational Institute for Strategic Studies. 801 0$bMiAaPQ 801 1$bMiAaPQ 801 2$bMiAaPQ 906 $aBOOK 912 $a9910787814103321 996 $aGlobalisation and insecurity in the twenty-first century$93773747 997 $aUNINA